Sports Quiz

Random Sports or Baseball Quiz

MLB Stadiums Quiz Stats

 Plays Quiz Updated Jan 10, 2019

Score 0/30 Timer 08:00
6 Plays Today
Team Stadium % Correct
Boston Red SoxFenway Park
92.1%
New York YankeesYankee Stadium
91.9%
Chicago CubsWrigley Field
90.6%
New York MetsCiti Field
76.8%
Baltimore OriolesOriole Park at Camden Yards
74.2%
Atlanta BravesSunTrust Park
72.6%
Los Angeles DodgersDodger Stadium
72.5%
Colorado RockiesCoors Field
71.2%
Tampa Bay RaysTropicana Field
70.6%
St. Louis CardinalsBusch Stadium
70.6%
Minnesota TwinsTarget Field
70.5%
Houston AstrosMinute Maid Park
65.8%
San Diego PadresPETCO Park
64.4%
Milwaukee BrewersMiller Park
62.9%
Seattle MarinersT-Mobile Park
62%
Team Stadium % Correct
Pittsburgh PiratesPNC Park
59.6%
Cincinnati RedsGreat American Ball Park
58.3%
Detroit TigersComerica Park
57.2%
Chicago White SoxGuaranteed Rate Field
55.3%
San Francisco GiantsOracle Park
52%
Kansas City RoyalsKauffman Stadium
50.9%
Texas RangersGlobe Life Park in Arlington
50.7%
Arizona DiamondbacksChase Field
50.4%
Miami MarlinsHard Rock Stadium
48.1%
Washington NationalsNationals Park
47.8%
Toronto Blue JaysRogers Centre
44.8%
Philadelphia PhilliesCitizens Bank Park
44.6%
Cleveland IndiansProgressive Field
42.4%
Los Angeles AngelsAngel Stadium of Anaheim
41.5%
Oakland AthleticsOakland Alameda Coliseum
35.6%

You're not logged in!

Compare scores with friends on all Sporcle quizzes.
OR
Log In

Sporcle TV

Today on Sporcle TV


Watch our educational content, quiz creation guides, and fun videos on Sporcle TV.

Show Comments

Extras

Top Quizzes Today


Score Distribution

Your Account Isn't Verified!

In order to create a playlist on Sporcle, you need to verify the email address you used during registration. Go to your Sporcle Settings to finish the process.

Report this User

Report this user for behavior that violates our Community Guidelines.

Details: